000 00540nam a2200229Ia 4500
003 OSt
005 20220924141936.0
006 a|||||r|||| 00| 0
007 ta
008 220923b |||||||| |||| 00| 0 ben d
024 _a299845
037 _cTextual
040 _aARTS
_cARTS
_bben
041 _2ben
_aben
082 _aR66,6:g, 157L3
100 _aThakur
_9154826
245 0 _aGeetapath
260 _c1973
650 _aPHILOSOPHY
942 _hR66,6:g, 157L3
_cTEXL
_2CC
999 _c448756
_d448756